| 000 | 01840cam a2200337 4500 | ||
|---|---|---|---|
| 001 | ABS66919 | ||
| 008 | 030722n2003 000 0 eng u | ||
| 035 | _a(Sirsi) u123083 | ||
| 100 | _aFrost, C. | ||
| 245 | _aCurrent trends in the UK property market for pubs, bars and restaurants | ||
| 260 | _c2003 | ||
| 490 |
_aJournal of Retail and Leisure Property _v3(1) 2003, 50-64(15) |
||
| 520 | _aExplores issues connected with government plans to reform the land-use planning system, highlights some currently existing concerns and outlines some of the proposed changes. Focuses on the proposed reforms to the Use Classes Order (UCO) as they affect retail and food and drink outlets. Takes as a case study the City of Westminster, where changes in local planning policies aimed at resolving conflict between restaurant and pub operators and local residents have led instead to market distortion and conflict between operators, developers and the local authority. Concludes that reforms are welcome but a considered approach is needed to ensure that land-use planning is seen as only part of the measures required to ensure that conflict between city-centre users is minimised. Tables covering options 1-4 changes to use classes. Figures covering A3 appeals decisions. References. [Taken from journal abstract]. | ||
| 590 | _aABS | ||
| 650 | _aWESTMINSTER | ||
| 650 | _aPLANNING APPEALS | ||
| 650 | _aPLANNING GREEN PAPER | ||
| 650 | _aPUBS | ||
| 650 | _aRESTAURANTS | ||
| 650 | _aLAND USE PLANNING | ||
| 650 | _aUNITARY DEVELOPMENT PLANS | ||
| 650 | _aLICENSED PREMISES | ||
| 650 | _aTWIN TRACKING | ||
| 650 | _aLONDON | ||
| 650 | _aUSE CLASS ORDER | ||
| 650 | _aBARS | ||
| 650 | _aTAKE AWAYS | ||
| 650 | _aPLANNING REFORM | ||
| 690 | _aENVIRONMENTAL AND LAND CONSULTANCY-PLANNING AND DEVELOPMENT | ||
| 942 | _n0 | ||
| 999 |
_c73089 _d73089 |
||